| 000 | 00603mam a22001691a 4500 | ||
|---|---|---|---|
| 082 | 0 |
_a113 _bBRI |
|
| 100 | 1 |
_aBrinton, Crane, _949539 |
|
| 245 | 1 | 4 |
_aThe shaping of modern mind _cCrane Brinton. |
| 260 |
_aEnglewood Cliffs, N.J. : _bPrentice-Hall, _cc1963. |
||
| 300 |
_avi, 249 p. ; _c21 cm. |
||
| 500 | _a"A Spectrum book" | ||
| 500 | _a"S-63." | ||
| 500 | _aOriginally published as The shaping of the modern mind, a reprint of the concluding half of the author's Ideas and men. | ||
| 526 |
_a0 _b0 _c0 _d113_000000000000000_BRI |
||
| 650 | 0 |
_aCivilization, Modern _xHistory. _949540 |
|
| 942 |
_2ddc _cBK |
||
| 999 |
_c552465 _d552465 |
||